000 00660nam a2200229Ia 4500
005 20230120110438.0
008 131103s9999 xx 000 0 und d
020 _a9789384082673
_cRs.320.00
040 _aLoreto College
041 _aEnglish
082 _a954.01
_bCHA
100 _aChakravarti,Ranabir
245 _aExploring early India
_b Up to c.AD 1300
_cRanabir Chakravarti
250 _a3rd ed.
260 _aDelhi
_bPrimus Books
_c2016
300 _axxiv, 491 p
_b Maps,ill.
504 _aIncludes bibliographical references and index
650 _aIndia-History,ancient
651 _aHistory-Ancient-India
850 _aLCLIB
942 _cBK
999 _c41470
_d91949